Statistics for micronations

Click here to take the quiz!

General Stats

  • This quiz has been taken 9 times
  • The average score is 2 of 15

Answer Stats

HintAnswer% Correct
mmolossia
56%
fsealand
56%
dfvatican
44%
fhakland
11%
hhitrae
11%
ffnauru
11%
nchristiania
0%
hconch republic
0%
fgoblin land
0%
;ladonia
0%
lliberland
0%
llovely
0%
fnew rome
0%
cnorth dumpling island
0%
sseborga
0%

Score Distribution

Percentile by Number Answered

Percent of People with Each Score

Your Score History

You have not taken this quiz